| 000 | 00450nmm a2200157Ia 4500 | ||
|---|---|---|---|
| 008 | 251105s9999||||xx |||||||||||||||||und|| | ||
| 020 | _a9788431551872 | ||
| 041 | _aspa | ||
| 100 | _aCarbonell, Josep | ||
| 245 | 0 | _aRefranes y citas para cada ocasión | |
| 264 |
_a[Madrid, España] : _bDe Vecchi, _c2000 |
||
| 300 | _a0 páginas | ||
| 650 | _aFolklore & Popular Culture | ||
| 856 | _uhttps://public.digitaliapublishing.com/a/31231 | ||
| 942 | _cCF | ||
| 999 |
_c81638 _d81638 |
||